000 00360nam a2200133Ia 4500
008 240624s9999 xx 000 0 und d
041 _aeng
082 _a823 GOL
100 _aGOLDRATT ELIYAHU M
245 _aGOAL A PROCESS FOR ONGOING IMPROVEMENT
250 _a(3rd ed.)
260 _c2007
_aMadras
_bProductivity & Quality Publishing Pvt.Ltd.
365 _cRS
999 _c10661
_d10661